000 00465nam a2200193Ia 4500
005 20250326144212.0
008 250326s9999 xx 000 0 und d
037 _aTextbook
040 _aFMSL
_beng
_cFMSL
041 _aeng
_2eng
084 _qFMSL
100 _aLal M
_9305963
245 0 _aOffice proceduce & drafting
_cLal M
250 _a2
260 _aDelhi
_bDelhi, New Light
_c1967
300 _a256p
942 _cTB
999 _c1302772
_d1302772